La escuela de trabajo
Guardat en:
| Autors principals: | , |
|---|---|
| Format: | Llibre |
| Idioma: | espanyol |
| Publicat: |
Ciudad de México
Masas
1938
|
| Matèries: | |
| Etiquetes: |
Afegir etiqueta
Sense etiquetes, Sigues el primer a etiquetar aquest registre!
|
MARC
| LEADER | 00000nam a2200000 a 4500 | ||
|---|---|---|---|
| 001 | UCZ5912 | ||
| 003 | CL-VaPUC | ||
| 008 | 951127e19380000MX |||||||||||||||||spa|d | ||
| 082 | 0 | 4 | |a 370.193 |b PIS |2 21 |
| 100 | 0 | |a Pistrack, Esteban |e author |9 350092 | |
| 700 | 0 | |a Zuloaga, Pedro |e author |9 350093 | |
| 245 | 1 | 3 | |a La escuela de trabajo |
| 300 | |a 225 p | ||
| 942 | |c BK | ||
| 945 | |d 19951127 00:00:00 |a rbrito | ||
| 260 | |a Ciudad de México |b Masas |c 1938 | ||
| 650 | 0 | |a Escuelas |9 308582 | |
| 650 | 7 | |a TRABAJO DE CLASE |2 CL-VaPUC |9 337758 | |
| 650 | 0 | |a Enseñanza |9 256457 | |
| 650 | 0 | |a Educación |9 258661 | |
| 583 | |a last modification |c 19951127 00:00:00 |k Rodrigo Vera | ||
| 999 | |c 242188 |d 242186 | ||
| 952 | |0 0 |1 0 |4 0 |6 370_193000000000000_PIS_1938 |7 0 |8 P |9 254954 |a BIBEDU |b BIBEDU |c BIBEDU_PB |d 2019-11-19 |i 3153134 |o 370.193 PIS 1938 |p 3153134 |r 2024-01-25 |w 2019-11-19 |y BK |k EDU | ||